Excursión a la regresión logística en ciencias de la salud
Đã lưu trong:
| Tác giả chính: | |
|---|---|
| Định dạng: | Sách |
| Ngôn ngữ: | Tiếng Tây Ban Nha |
| Được phát hành: |
Madrid
Díaz de Santos
1995
|
| Những chủ đề: | |
| Các nhãn: |
Thêm thẻ
Không có thẻ, Là người đầu tiên thẻ bản ghi này!
|
MARC
| LEADER | 00000nam a2200000 a 4500 | ||
|---|---|---|---|
| 001 | UCQ4097 | ||
| 003 | CL-VaPUC | ||
| 008 | 980829e19950000SP |||||||||||||||||spa|d | ||
| 082 | 0 | 4 | |a 519.5 |b SIL |2 21 |
| 100 | 0 | |a Silva Ayçaguer, Luis Carlos |e author |9 418334 | |
| 245 | 1 | 0 | |a Excursión a la regresión logística en ciencias de la salud |
| 300 | |a 232 p | ||
| 942 | |c BK | ||
| 945 | |d 19980829 00:00:00 |a mvenant | ||
| 260 | |a Madrid |b Díaz de Santos |c 1995 | ||
| 500 | |a Acompaña diskette | ||
| 650 | 7 | |a REGRESION |2 CL-VaPUC |9 418335 | |
| 650 | 0 | |a Estadística matemática |9 260028 | |
| 650 | 0 | |a Análisis de datos |9 269871 | |
| 650 | 0 | |a Ciencias de la salud |9 393421 | |
| 583 | |a last modification |c 20111007 12:18:59 |k Rodrigo Vera | ||
| 999 | |c 274564 |d 274562 | ||
| 952 | |0 0 |1 0 |4 0 |6 519_500000000000000_SIL_1995 |7 0 |8 A |9 310788 |a BIBGIM |b BIBGIM |d 2019-11-20 |i 3458385 |o 519.5 SIL 1995 |p 3458385 |r 2025-01-15 |w 2019-11-20 |y BK |k EST | ||